000
00261nam a2200097Ia 4500
001
1048374
005
20250826232253.0
008
250824s9999 xx 000 0 und d
245
0
_a
MÜMKÜN ÖYKÜLERİN EN İYİSİ
_c
AYKUT ERTUĞRUL
260
_b
KETEBE YAYINLARI
999
_c
1048374
_d
1048374